Neoprenes (Record no. 23251)

MARC details
000 -LEADER
fixed length control field 00277nam a2200121Ia 4500
082 ## - DEWEY DECIMAL CLASSIFICATION NUMBER
Classification number 678.763.2
Item number MUR
100 ## - MAIN ENTRY--AUTHOR NAME
Personal name Murray, D C
245 #0 - TITLE STATEMENT
Title Neoprenes
260 ## - PUBLICATION, DISTRIBUTION, ETC. (IMPRINT)
Place of publication Delaware
Name of publisher Dupont
Year of publication 1964
700 ## - ADDED ENTRY--PERSONAL NAME
Personal name Thompson
942 ## - ADDED ENTRY ELEMENTS (KOHA)
Koha item type Books
Holdings
Withdrawn status Lost status Damaged status Not for loan Home library Current library Date acquired Full call number Accession Number Koha item type
        RRII Library RRII Library 16/12/2021 678.763.2 MUR 03951 Books